25 best NBA players if every one was in their prime. - Statistics

General Stats
  • This quiz has been taken 125 times
  • The average score is 18 of 25
Answer Stats
Rank Player % Correct
1. LeBron James
97%
2. Stephen Curry
95%
6. James Harden
90%
3. Kevin Durant
89%
24. Ja Morant
86%
15. Nikola Jokic
86%
4. Giannis Antetokounmpo
84%
8. Russell Westbrook
84%
9. Anthony Davis
81%
5. Chris Paul
81%
7. Kawhi Leonard
81%
16. Klay Thompson
79%
17. Luka Doncic
78%
18. Jayson Tatum
75%
21. Joel Embiid
75%
12. Damian Lillard
70%
13. Kyrie Irving
67%
22. Jimmy Butler
63%
14. Derrick Rose
60%
11. Dwight Howard
56%
10. Carmelo Anthony
55%
19. DeMar DeRozan
53%
23. Blake Griffin
48%
25. Shai Gilgeous-Alexander
29%
20. Andre Iguodala
19%
No matching quizzes found
Score Distribution
Percent of People with Each Score
Percentile by Number Answered
Your Score History
You have not taken this quiz